Mathematics of diffusion (Record no. 3532)

000 -LEADER
fixed length control field 00482nam a22002057a 4500
001 - CONTROL NUMBER
control field 3532
003 - CONTROL NUMBER IDENTIFIER
control field BD-DhUET
008 - FIXED-LENGTH DATA ELEMENTS--GENERAL INFORMATION
fixed length control field 141101b xxu||||| |||| 00| 0 eng d
020 ## - INTERNATIONAL STANDARD BOOK NUMBER
International Standard Book Number 0198534116
040 ## - CATALOGING SOURCE
Transcribing agency 0
Modifying agency BD-DhUET
082 ## - DEWEY DECIMAL CLASSIFICATION NUMBER
Classification number 532.7
Item number CRA/1975
100 ## - MAIN ENTRY--PERSONAL NAME
Personal name Crank, J
245 ## - TITLE STATEMENT
Title Mathematics of diffusion
250 ## - EDITION STATEMENT
Edition statement 2nd ed.
260 ## - PUBLICATION, DISTRIBUTION, ETC. (IMPRINT)
Place of publication, distribution, etc. Oxford
Name of publisher, distributor, etc. Clarendon Press
Date of publication, distribution, etc. 1975
300 ## - PHYSICAL DESCRIPTION
Extent viii,414p.
504 ## - BIBLIOGRAPHY, ETC. NOTE
Bibliography, etc Includes bibliographies
650 #0 - SUBJECT ADDED ENTRY--TOPICAL TERM
Topical term or geographic name as entry element Diffusion
942 ## - ADDED ENTRY ELEMENTS (KOHA)
Koha item type General Book
Holdings
Piece designation (barcode) Koha normalized classification for sorting Damaged status Koha item type Price effective from Koha date last seen Date acquired Lost status Withdrawn status Shelving location Not for loan Source of classification or shelving scheme Sublocation or collection (holding branch) Copy number Location (home branch) Koha full call number
92226532_000000000000000_7CRA1975 General Book2014-11-012014-11-012014-11-01  Circulation section  Central Library, BUET1Central Library, BUET532.7/CRA/1975
92225532_700000000000000_CRA_1975 General Book2015-06-072015-06-072015-06-07  Reading section  Central Library, BUET2Central Library, BUET532.7/CRA/1975